[Event "21. Copenhagen Open  (Politiken Cup)"]
[Site "Copenhagen"]
[Date "1999.07.07"]
[Round "5"]
[White "Gabrielsen, Stig"]
[Black "Jensen, Kasper Smith"]
[Result "0-1"]
[WhiteElo "2295"]
[BlackElo "1944"]
[PlyCount "66"]
[EventDate "1999.07.03"]
[EventType "swiss"]
[EventRounds "11"]
[EventCountry "DEN"]
[SourceDate "2004.01.01"]

1. e4 e5 2. Nf3 d6 3. d4 exd4 4. Nxd4 Nf6 5. Nc3 g6 6. Bg5 Be7 7. Bc4 Nxe4 8.
Nxe4 Bxg5 9. Qf3 O-O 10. h4 Bh6 11. h5 Bg7 12. hxg6 hxg6 13. O-O-O Nc6 14. Nxc6
bxc6 15. g4 Rb8 16. Bb3 Qe7 17. Qh3 Re8 18. Rde1 Be6 19. f4 Bxb3 20. axb3 d5
21. Nc3 Qxe1+ 22. Rxe1 Rxe1+ 23. Kd2 Rbe8 24. Qh4 d4 25. Na4 R1e2+ 26. Kd1 Rg2
27. f5 Ree2 28. Qd8+ Kh7 29. fxg6+ fxg6 30. Qxc7 Ref2 31. Ke1 Rxc2 32. Kd1 d3
33. Qxa7 Rcf2 0-1

[Event "21. Copenhagen Open  (Politiken Cup)"]
[Site "Copenhagen"]
[Date "1999.07.07"]
[Round "5"]
[White "Gislason, Ingolfur"]
[Black "Nielsen, Morten"]
[Result "0-1"]
[WhiteElo "1810"]
[BlackElo "2077"]
[PlyCount "80"]
[EventDate "1999.07.03"]
[EventType "swiss"]
[EventRounds "11"]
[EventCountry "DEN"]
[SourceDate "2004.01.01"]

1. d4 Nf6 2. c4 c5 3. d5 b5 4. Nd2 bxc4 5. e4 Qa5 6. Bxc4 Nxe4 7. Ngf3 e6 8.
O-O Nf6 9. Nb3 Qc7 10. Bg5 Be7 11. Qe2 O-O 12. Rad1 a5 13. d6 Bxd6 14. Bxf6
gxf6 15. Rxd6 Qxd6 16. Qe4 Nc6 17. Qg4+ Kh8 18. Qh4 Qe7 19. Bd3 f5 20. Qh6 f6
21. Nh4 Rg8 22. Re1 Qg7 23. Qxg7+ Rxg7 24. Nxc5 Ne5 25. Bb5 Rg4 26. g3 Rxh4 27.
gxh4 Nf3+ 28. Kf1 Nxe1 29. Kxe1 d6 30. Nd7 Bxd7 31. Bxd7 Ra7 32. Ba4 Rb7 33. b3
Rb4 34. Kd2 Kg7 35. Bc6 Rxh4 36. a3 Kf7 37. Kc3 Ke7 38. b4 axb4+ 39. axb4 Kd8
40. b5 Kc7 0-1

[Event "21. Copenhagen Open  (Politiken Cup)"]
[Site "Copenhagen"]
[Date "1999.07.07"]
[Round "5"]
[White "Hansen, Anders"]
[Black "Nielsen, Borge Hjerrild"]
[Result "1/2-1/2"]
[WhiteElo "1937"]
[BlackElo "2142"]
[PlyCount "73"]
[EventDate "1999.07.03"]
[EventType "swiss"]
[EventRounds "11"]
[EventCountry "DEN"]
[SourceDate "2004.01.01"]

1. d4 d5 2. c4 e6 3. Nc3 Nf6 4. cxd5 exd5 5. Bg5 Be7 6. e3 c6 7. Bd3 Nbd7 8.
Qc2 Nf8 9. Nf3 Ne6 10. Bh4 g6 11. h3 Ng7 12. O-O-O Bf5 13. g4 Bxd3 14. Qxd3 Qc7
15. Kb1 Ne6 16. Rc1 Qd8 17. Bg3 Bd6 18. Bxd6 Qxd6 19. Ne5 Qe7 20. f4 O-O-O 21.
Nb5 Kb8 22. Rxc6 Ne4 23. Rc2 f6 24. Nf3 h5 25. g5 fxg5 26. Ne5 Rhg8 27. Rhc1
gxf4 28. exf4 a6 29. Qb3 axb5 30. Qxb5 Nxd4 31. Qb6 Rd6 32. Qxd4 Qe6 33. Nc6+
bxc6 34. Qb6+ Ka8 35. Qa6+ Kb8 36. Qb6+ Ka8 37. Qa6+ 1/2-1/2

[Event "21. Copenhagen Open  (Politiken Cup)"]
[Site "Copenhagen"]
[Date "1999.07.07"]
[Round "5"]
[White "Hansen, Erik Friberg"]
[Black "Dinesen, Henrik"]
[Result "1/2-1/2"]
[WhiteElo "1028"]
[BlackElo "1129"]
[PlyCount "71"]
[EventDate "1999.07.03"]
[EventType "swiss"]
[EventRounds "11"]
[EventCountry "DEN"]
[SourceDate "2004.01.01"]

1. c4 e5 2. Nc3 Nf6 3. d3 d5 4. cxd5 Nxd5 5. Bd2 c6 6. e4 Nb4 7. Qb1 Nd7 8. a3
Na6 9. Nf3 Bd6 10. Be3 Bc5 11. d4 exd4 12. Bxd4 Bxd4 13. Nxd4 Ne5 14. Qd1 O-O
15. Be2 Qb6 16. Nb3 Rd8 17. Qc2 Be6 18. Nd2 Nc5 19. O-O Nb3 20. Rad1 Nd4 21.
Qc1 Nxe2+ 22. Nxe2 Nd3 23. Qc3 Bg4 24. Nf3 Bxf3 25. gxf3 Nc5 26. Qc2 Ne6 27.
Nc3 Nd4 28. Qd3 Qc7 29. Qe3 Ne6 30. Kh1 Qe7 31. Rg1 Rxd1 32. Nxd1 a6 33. f4 Qf6
34. f5 Nc7 35. Qg5 Qxg5 36. Rxg5 1/2-1/2

[Event "21. Copenhagen Open  (Politiken Cup)"]
[Site "Copenhagen"]
[Date "1999.07.07"]
[Round "5"]
[White "Hansen, Morten Lyck"]
[Black "Larusdottir, Aldis Run"]
[Result "0-1"]
[WhiteElo "1847"]
[BlackElo "1350"]
[PlyCount "68"]
[EventDate "1999.07.03"]
[EventType "swiss"]
[EventRounds "11"]
[EventCountry "DEN"]
[SourceDate "2004.01.01"]

1. e4 c6 2. d4 d5 3. exd5 cxd5 4. c4 Nc6 5. Nf3 Bg4 6. Be3 Bxf3 7. Qxf3 e6 8.
cxd5 Qxd5 9. Qxd5 exd5 10. Nc3 O-O-O 11. Bb5 Nge7 12. O-O a6 13. Ba4 h6 14.
Rac1 g5 15. a3 Bg7 16. b4 b5 17. Bb3 Kb7 18. Rfd1 f5 19. f3 f4 20. Bf2 h5 21.
Na2 g4 22. Re1 Nf5 23. Red1 Ncxd4 24. Bxd4 Nxd4 25. Re1 Nxb3 26. Re7+ Kb6 27.
Re6+ Kb7 28. Re7+ Kb8 29. Rcc7 Bd4+ 30. Kh1 Be5 31. Rb7+ Kc8 32. Rb6 Rde8 33.
Ra7 Bb8 34. Rc6+ Kd8 0-1

[Event "21. Copenhagen Open  (Politiken Cup)"]
[Site "Copenhagen"]
[Date "1999.07.07"]
[Round "5"]
[White "Hansen, Soren Asger"]
[Black "McShane, Rod"]
[Result "1-0"]
[WhiteElo "1683"]
[BlackElo "1352"]
[PlyCount "113"]
[EventDate "1999.07.03"]
[EventType "swiss"]
[EventRounds "11"]
[EventCountry "DEN"]
[SourceDate "2004.01.01"]

1. e4 c5 2. Nf3 d6 3. Bb5+ Nc6 4. O-O a6 5. Bxc6+ bxc6 6. d4 cxd4 7. Qxd4 c5 8.
Qc4 Be6 9. Qe2 Nf6 10. e5 Nd5 11. Ng5 Bf5 12. exd6 Qxd6 13. Rd1 Qc6 14. Qf3 e6
15. Nxf7 Kxf7 16. g4 Nb4 17. Qxc6 Nxc6 18. gxf5 exf5 19. Be3 Ke6 20. Nc3 Nb4
21. Rd2 Be7 22. a3 Nc6 23. Re1 Kf7 24. Rd7 Rhd8 25. Rc7 Rac8 26. Nd5 Rxc7 27.
Nxc7 a5 28. Kf1 Nd4 29. Bxd4 Rxd4 30. Nb5 Rd2 31. Re2 Rxe2 32. Kxe2 Bf6 33. b3
Be5 34. h3 g5 35. Na7 h5 36. Nc6 Bc7 37. c3 Ke6 38. b4 cxb4 39. cxb4 axb4 40.
Nxb4 Kd6 41. Nc2 Ke5 42. Ne3 f4 43. Nf1 Ba5 44. f3 Kd4 45. a4 Kc3 46. Nd2 h4
47. Ne4+ Kb4 48. Nxg5 Kxa4 49. Kd3 Kb5 50. Ke4 Kc6 51. Kxf4 Kd6 52. Kf5 Ke7 53.
f4 Be1 54. Kg6 Bc3 55. f5 Bh8 56. Ne4 Kf8 57. f6 1-0

[Event "21. Copenhagen Open  (Politiken Cup)"]
[Site "Copenhagen"]
[Date "1999.07.07"]
[Round "5"]
[White "Hardarson, Robert"]
[Black "Naes, Flovin Tor"]
[Result "1-0"]
[WhiteElo "2331"]
[BlackElo "2222"]
[PlyCount "89"]
[EventDate "1999.07.03"]
[EventType "swiss"]
[EventRounds "11"]
[EventCountry "DEN"]
[SourceDate "2004.01.01"]

1. e4 e5 2. Nf3 Nc6 3. Bb5 a6 4. Bxc6 dxc6 5. O-O Bg4 6. h3 h5 7. d3 Qf6 8.
Nbd2 Ne7 9. Re1 Ng6 10. d4 Nf4 11. hxg4 hxg4 12. Nh2 Nxg2 13. Re2 Qh4 14. Ndf1
Nf4 15. dxe5 g5 16. Re3 Nh3+ 17. Rxh3 gxh3 18. Qg4 Bc5 19. Be3 Bxe3 20. Nxe3
Qxg4+ 21. Nhxg4 O-O-O 22. Kh2 Rd4 23. Nf6 Rd2 24. Kg3 Rh4 25. Nfg4 Rd4 26. Nf5
Rxg4+ 27. Kxg4 Rxe4+ 28. Kxg5 Rxe5 29. f4 Re2 30. Rh1 h2 31. Nd4 Rd2 32. Nf3
Rg2+ 33. Kf5 Rf2 34. Ke4 Rxc2 35. Rxh2 Rc4+ 36. Kf5 Rb4 37. Ne5 Kd8 38. Nxf7+
Ke7 39. Ne5 c5 40. b3 a5 41. Rh7+ Kd8 42. Rh8+ Ke7 43. Rh7+ Kd8 44. Nc4 b5 45.
Nxa5 1-0

[Event "21. Copenhagen Open  (Politiken Cup)"]
[Site "Copenhagen"]
[Date "1999.07.07"]
[Round "5"]
[White "Hartvig, Ove Weiss"]
[Black "Nilsson, Nils Specht"]
[Result "1-0"]
[WhiteElo "2289"]
[BlackElo "2194"]
[PlyCount "73"]
[EventDate "1999.07.03"]
[EventType "swiss"]
[EventRounds "11"]
[EventCountry "DEN"]
[SourceDate "2004.01.01"]

1. e4 c6 2. d4 d5 3. e5 Bf5 4. Nf3 e6 5. Be2 c5 6. Be3 Ne7 7. c4 Bxb1 8. Rxb1
Nf5 9. Bg5 Qa5+ 10. Bd2 Qb6 11. cxd5 exd5 12. Qc2 g6 13. Rc1 c4 14. b3 c3 15.
Bxc3 Nc6 16. O-O Bh6 17. Rcd1 O-O 18. g4 Nfe7 19. h4 Bf4 20. g5 Rac8 21. Qb2
Nd8 22. Bd2 Ne6 23. Bd3 Bxd2 24. Qxd2 Nxd4 25. Nh2 Qe6 26. Qf4 Nef5 27. Rfe1
Rc3 28. Bb1 Nc2 29. Bxc2 Rxc2 30. Ng4 d4 31. Nf6+ Kg7 32. h5 Rd8 33. Rd3 Rc3
34. Red1 Rdc8 35. hxg6 hxg6 36. Rxc3 dxc3 37. Qh2 1-0

[Event "21. Copenhagen Open  (Politiken Cup)"]
[Site "Copenhagen"]
[Date "1999.07.07"]
[Round "5"]
[White "Helin, Mikael"]
[Black "Damgaard, Sven"]
[Result "0-1"]
[WhiteElo "2200"]
[BlackElo "1939"]
[PlyCount "138"]
[EventDate "1999.07.03"]
[EventType "swiss"]
[EventRounds "11"]
[EventCountry "DEN"]
[SourceDate "2004.01.01"]

1. e4 c5 2. c4 Nc6 3. Nc3 g6 4. g3 Bg7 5. Bg2 a6 6. d3 e6 7. Be3 d6 8. Nge2 Rb8
9. h4 b5 10. cxb5 axb5 11. O-O Nge7 12. Qd2 O-O 13. Bh6 Ba6 14. Bxg7 Kxg7 15.
h5 b4 16. Nd1 Qb6 17. b3 e5 18. Ne3 f5 19. exf5 gxf5 20. Nd5 Qa7 21. Qg5+ Kf7
22. Qf6+ Kg8 23. Qxd6 e4 24. Nef4 Rbd8 25. Qe6+ Rf7 26. dxe4 Bxf1 27. Bxf1 Nxd5
28. Nxd5 Nd4 29. Qh6 Kh8 30. Bc4 fxe4 31. Nf4 Rxf4 32. Qxf4 Qg7 33. Rd1 Rf8 34.
h6 Qe7 35. Qg4 Qf6 36. Qg7+ Qxg7 37. hxg7+ Kxg7 38. Kg2 Kf6 39. Rh1 Ra8 40.
Rh6+ Kg5 41. Ra6 Rxa6 42. Bxa6 Kf5 43. Kh3 Nf3 44. Bc8+ Ke5 45. Kg4 Ne1 46. Bf5
h5+ 47. Kg5 Nf3+ 48. Kg6 h4 49. Bg4 hxg3 50. fxg3 Nd4 51. Bd1 e3 52. g4 e2 53.
Bxe2 Nxe2 54. Kf7 Nf4 55. Ke7 Ne6 56. Kd7 Ng5 57. Kc6 Kd4 58. Kb5 Kd5 59. Ka4
Ne4 60. g5 Ke5 61. Kb5 Kf5 62. Kc4 Kxg5 63. Kd3 Kf4 64. Kc2 Ke3 65. Kb2 Kd2 66.
a4 Nc3 67. a5 Nb5 68. Kb1 Kc3 69. Ka2 Kc2 0-1

[Event "21. Copenhagen Open  (Politiken Cup)"]
[Site "Copenhagen"]
[Date "1999.07.07"]
[Round "5"]
[White "Hillarp Persson, Tiger"]
[Black "Aagaard, Jacob"]
[Result "1/2-1/2"]
[WhiteElo "2507"]
[BlackElo "2403"]
[PlyCount "70"]
[EventDate "1999.07.03"]
[EventType "swiss"]
[EventRounds "11"]
[EventCountry "DEN"]
[SourceDate "2004.01.01"]

1. d4 Nf6 2. c4 e6 3. Nc3 Bb4 4. Qc2 O-O 5. a3 Bxc3+ 6. Qxc3 b6 7. Bg5 Bb7 8.
f3 d5 9. e3 c5 10. cxd5 Qxd5 11. Bxf6 gxf6 12. dxc5 Qxc5 13. Qxc5 bxc5 14.
O-O-O Bc6 15. Nh3 Nd7 16. Rd6 Rac8 17. Nf4 Rc7 18. Bc4 Nb6 19. Bb3 Rfc8 20.
Rhd1 Kf8 21. Rd8+ Ke7 22. Rxc8 Rxc8 23. e4 Bb5 24. Bc2 Nd7 25. Bd3 a6 26. Kd2
Ne5 27. Kc3 Rb8 28. Bc2 a5 29. b3 Nc6 30. Nd3 Nd4 31. Rd2 Rc8 32. Bd1 Nxb3 33.
Bxb3 c4 34. Nb2 cxb3+ 35. Kxb3 Rb8 1/2-1/2

[Event "21. Copenhagen Open  (Politiken Cup)"]
[Site "Copenhagen"]
[Date "1999.07.07"]
[Round "5"]
[White "Hjortskov, Kjeld"]
[Black "Henrichsen, Jens"]
[Result "1/2-1/2"]
[WhiteElo "1655"]
[BlackElo "2059"]
[PlyCount "83"]
[EventDate "1999.07.03"]
[EventType "swiss"]
[EventRounds "11"]
[EventCountry "DEN"]
[SourceDate "2004.01.01"]

1. e4 c5 2. Nf3 Nc6 3. d4 cxd4 4. Nxd4 Nf6 5. Nc3 e5 6. Ndb5 d6 7. Bg5 a6 8.
Na3 b5 9. Nd5 Be7 10. Bxf6 Bxf6 11. c3 O-O 12. Nc2 Bg5 13. Bd3 g6 14. g3 Bh6
15. Nce3 Be6 16. h4 Rb8 17. h5 Bg7 18. hxg6 fxg6 19. Qe2 Rf7 20. O-O-O b4 21.
Nxb4 Rxb4 22. cxb4 Nd4 23. Qf1 Bxa2 24. Bc4 Qc7 25. Kd2 Nf3+ 26. Kd3 Bxc4+ 27.
Nxc4 Qc6 28. Kc2 Qxe4+ 29. Qd3 Nd4+ 30. Kb1 Qxd3+ 31. Rxd3 d5 32. Ne3 Rxf2 33.
Nxd5 e4 34. Ra3 Nf3 35. Rxa6 Rxb2+ 36. Kc1 Bd4 37. Ra8+ Kg7 38. Re8 Nd2 39.
Re7+ Kg8 40. Rhxh7 Nb3+ 41. Kd1 Rb1+ 42. Kc2 1/2-1/2

[Event "21. Copenhagen Open  (Politiken Cup)"]
[Site "Copenhagen"]
[Date "1999.07.07"]
[Round "5"]
[White "Hoff, Terje"]
[Black "Sinkbaek, Aage"]
[Result "0-1"]
[WhiteElo "2040"]
[BlackElo "2232"]
[PlyCount "108"]
[EventDate "1999.07.03"]
[EventType "swiss"]
[EventRounds "11"]
[EventCountry "DEN"]
[SourceDate "2004.01.01"]

1. d4 Nf6 2. c4 g6 3. Nc3 Bg7 4. e4 d6 5. Bg5 O-O 6. f4 c6 7. Be2 Qc7 8. Nf3
Bg4 9. O-O Bxf3 10. Bxf3 e5 11. fxe5 dxe5 12. d5 Nbd7 13. Qd2 cxd5 14. cxd5 Qd6
15. Kh1 a6 16. Rf2 Rac8 17. Raf1 Rc4 18. Qe3 b5 19. Be2 Rc7 20. a3 Ne8 21. Bxb5
Rxc3 22. Qxc3 axb5 23. Qc6 f6 24. Bd2 Qxc6 25. dxc6 Nb6 26. Ba5 Nc4 27. Bb4 Rf7
28. Rd1 Bf8 29. Rd8 Bxb4 30. axb4 Kf8 31. b3 Ra7 32. h3 Ncd6 33. Rd7 Ra1+ 34.
Kh2 Rc1 35. Ra2 Rxc6 36. Raa7 Nxe4 37. Rxh7 Kg8 38. Rhe7 N4d6 39. Ra8 Kf8 40.
Rh7 Nf7 41. Rb8 Kg8 42. Rh4 Nfd6 43. Rg4 Kf7 44. Ra8 f5 45. Rg3 e4 46. Re3 f4
47. Re2 Nf6 48. Ra7+ Ke6 49. Rg7 Kf5 50. Rf2 e3 51. g4+ Nxg4+ 52. hxg4+ Kf6 53.
Rxg6+ Kxg6 54. Rxf4 e2 0-1

[Event "21. Copenhagen Open  (Politiken Cup)"]
[Site "Copenhagen"]
[Date "1999.07.07"]
[Round "5"]
[White "Hoi, Carsten"]
[Black "Bekker Jensen, Simon"]
[Result "1-0"]
[WhiteElo "2394"]
[BlackElo "2436"]
[PlyCount "63"]
[EventDate "1999.07.03"]
[EventType "swiss"]
[EventRounds "11"]
[EventCountry "DEN"]
[SourceDate "2004.01.01"]

1. d4 Nf6 2. c4 g6 3. Nc3 Bg7 4. e4 d6 5. f3 O-O 6. Be3 c5 7. Nge2 Nc6 8. Qd2
a6 9. h4 Qa5 10. d5 Ne5 11. Ng3 h5 12. Bh6 Bxh6 13. Qxh6 Qb4 14. O-O-O Nxc4 15.
Bxc4 Qxc4 16. Nf1 a5 17. Ne3 Qb4 18. g4 Nh7 19. gxh5 Kh8 20. Rhg1 Rg8 21. hxg6
fxg6 22. Rxg6 Bd7 23. a3 Qd4 24. Rxg8+ Rxg8 25. Rxd4 cxd4 26. Ncd1 dxe3 27.
Nxe3 Rf8 28. Qh5 Kg7 29. e5 dxe5 30. Qxe5+ Kf7 31. Ng4 Rc8+ 32. Kd2 1-0

[Event "21. Copenhagen Open  (Politiken Cup)"]
[Site "Copenhagen"]
[Date "1999.07.07"]
[Round "5"]
[White "Howe, Dennis"]
[Black "Petersen, Lars"]
[Result "1/2-1/2"]
[WhiteElo "1919"]
[BlackElo "2096"]
[PlyCount "88"]
[EventDate "1999.07.03"]
[EventType "swiss"]
[EventRounds "11"]
[EventCountry "DEN"]
[SourceDate "2004.01.01"]

1. e4 c6 2. d4 d5 3. Nc3 dxe4 4. Nxe4 Nf6 5. Nxf6+ gxf6 6. c3 Bf5 7. Bc4 e6 8.
Ne2 Bd6 9. Ng3 Bg6 10. Bh6 Bxg3 11. hxg3 Nd7 12. Qf3 Qb6 13. O-O-O Rg8 14. Be3
Qa5 15. g4 Nb6 16. Bb3 f5 17. g5 Qb5 18. Bf4 a5 19. Qd3 Qxd3 20. Rxd3 a4 21.
Bd1 Nd5 22. g3 b5 23. Bf3 Kd7 24. Rd2 Nxf4 25. gxf4 f6 26. gxf6 Rgf8 27. Rh6
Rxf6 28. Rd1 Rf7 29. Kb1 Kd6 30. Re1 Raa7 31. Re5 Rg7 32. Kc2 Rac7 33. Kd3 Rge7
34. Ke3 Kd7 35. Rc5 Kd6 36. b3 axb3 37. axb3 Re8 38. Be2 Ra8 39. Bd3 Ra3 40. b4
Ra1 41. Be2 Rb1 42. Bf3 Re1+ 43. Kd2 Rf1 44. Ke2 Rb1 1/2-1/2

[Event "21. Copenhagen Open  (Politiken Cup)"]
[Site "Copenhagen"]
[Date "1999.07.07"]
[Round "5"]
[White "Hvenekilde, Jorgen"]
[Black "Olsen, Claus"]
[Result "1/2-1/2"]
[WhiteElo "2239"]
[BlackElo "2064"]
[PlyCount "36"]
[EventDate "1999.07.03"]
[EventType "swiss"]
[EventRounds "11"]
[EventCountry "DEN"]
[SourceDate "2004.01.01"]

1. d4 Nf6 2. c4 e6 3. Nc3 Bb4 4. e3 O-O 5. Nge2 b6 6. a3 Bxc3+ 7. Nxc3 d5 8.
cxd5 exd5 9. Bd3 c5 10. O-O Ba6 11. Re1 Bxd3 12. Qxd3 Nc6 13. Bd2 c4 14. Qc2
Re8 15. f3 Qd7 16. Ne2 Re7 17. Ng3 g6 18. Rad1 Rae8 1/2-1/2

[Event "21. Copenhagen Open  (Politiken Cup)"]
[Site "Copenhagen"]
[Date "1999.07.07"]
[Round "5"]
[White "Ingolfsdottir, Harpa"]
[Black "Schyberg, Brian"]
[Result "1/2-1/2"]
[WhiteElo "1495"]
[BlackElo "1954"]
[PlyCount "138"]
[EventDate "1999.07.03"]
[EventType "swiss"]
[EventRounds "11"]
[EventCountry "DEN"]
[SourceDate "2004.01.01"]

1. e4 g6 2. Bc4 Bg7 3. Nc3 e6 4. d3 Ne7 5. Nge2 d5 6. Bb3 O-O 7. exd5 exd5 8.
O-O c6 9. Bf4 Nd7 10. d4 Nf5 11. Nb1 Nf6 12. Nd2 Nh5 13. Nf3 Nxf4 14. Nxf4 Qf6
15. Ne2 Nd6 16. c3 h5 17. Qd2 Nf5 18. Bc2 Bh6 19. Qd1 h4 20. Ne5 Qg7 21. Ng4
Bg5 22. f4 Be7 23. Bxf5 Bxf5 24. Ne3 Be4 25. f5 gxf5 26. Nf4 Qg5 27. Qe2 Rae8
28. Nh3 Qg6 29. Qf2 Bd8 30. Nxf5 Bxf5 31. Qxf5 Re2 32. Qxg6+ fxg6 33. Rxf8+
Kxf8 34. Rf1+ Ke7 35. Nf4 Rxb2 36. Nxg6+ Kd6 37. Rf2 Rb1+ 38. Rf1 Rxf1+ 39.
Kxf1 c5 40. Ne5 Bf6 41. Nf3 Kc6 42. Ke2 Kb5 43. Kd3 cxd4 44. cxd4 Kb4 45. Ne1
Ka3 46. Nc2+ Kxa2 47. Nb4+ Kb3 48. Nxd5 Bd8 49. Nc3 a5 50. d5 a4 51. d6 a3 52.
g4 Kb4 53. h3 b5 54. Kc2 Kc4 55. Nd1 Kc5 56. Nc3 b4 57. Na2 Kc4 58. Nc1 a2 59.
Nb3 Kd5 60. Kb2 Kxd6 61. Kxa2 Ke5 62. Nc5 Be7 63. Nd3+ Ke4 64. Ne1 Ke3 65. Ng2+
Kd4 66. Kb3 Kc5 67. Ne1 Kd5 68. Ng2 Ke4 69. Nxh4 Bxh4 1/2-1/2

[Event "21. Copenhagen Open  (Politiken Cup)"]
[Site "Copenhagen"]
[Date "1999.07.07"]
[Round "5"]
[White "Jakobsen, Ole"]
[Black "Coleman, David"]
[Result "1/2-1/2"]
[WhiteElo "2398"]
[BlackElo "2240"]
[PlyCount "150"]
[EventDate "1999.07.03"]
[EventType "swiss"]
[EventRounds "11"]
[EventCountry "DEN"]
[SourceDate "2004.01.01"]

1. Nf3 c5 2. c4 g6 3. g3 Bg7 4. Bg2 Nc6 5. Nc3 a6 6. O-O e5 7. a3 Rb8 8. d3
Nge7 9. Bg5 h6 10. Bxe7 Nxe7 11. Qc2 O-O 12. b4 b6 13. Rab1 Bb7 14. Rb3 Qc7 15.
bxc5 bxc5 16. Rfb1 Bc6 17. Nd2 Rxb3 18. Qxb3 Qa5 19. Rc1 d6 20. Bxc6 Nxc6 21.
Qa4 Qxa4 22. Nxa4 Rb8 23. Rb1 Rxb1+ 24. Nxb1 Bf6 25. e3 Bd8 26. Kf1 Ba5 27. Ke2
Kf8 28. Nac3 Ne7 29. Ne4 Nc8 30. Nbd2 Bxd2 31. Kxd2 Ke7 32. f4 f6 33. fxe5 fxe5
34. Kc3 Ke6 35. g4 g5 36. Kb3 Nb6 37. h3 a5 38. Kc3 a4 39. Kd2 Nd7 40. Nc3 Nb6
41. Ke2 Ke7 42. Ke1 Ke6 43. Kd2 Ke7 44. Ne4 Nc8 45. Ke1 Ke6 46. Kf2 Nb6 47. Kf3
Ke7 48. Nc3 Kf7 49. Kg3 Ke6 50. h4 gxh4+ 51. Kxh4 Kf7 52. Kh5 Kg7 53. Ne4 Nc8
54. Nc3 Nb6 55. g5 hxg5 56. Kxg5 Kf7 57. Kf5 Nc8 58. Nxa4 Ne7+ 59. Ke4 Ke6 60.
Nb6 Nc6 61. Nd5 Na5 62. Kf3 Nb3 63. Ke2 Na5 64. Nc3 Kd7 65. Kd2 Kc6 66. Kc2 Kb6
67. Ne4 Kc6 68. Nd2 Kb6 69. Kc3 Kc6 70. Nb3 Nxb3 71. Kxb3 Kb6 72. Kc3 Ka5 73.
d4 e4 74. dxc5 dxc5 75. Kb3 Kb6 1/2-1/2

[Event "21. Copenhagen Open  (Politiken Cup)"]
[Site "Copenhagen"]
[Date "1999.07.07"]
[Round "5"]
[White "Jensen, Henrik W"]
[Black "Ronsted, Torben"]
[Result "0-1"]
[WhiteElo "2098"]
[BlackElo "1915"]
[PlyCount "58"]
[EventDate "1999.07.03"]
[EventType "swiss"]
[EventRounds "11"]
[EventCountry "DEN"]
[SourceDate "2004.01.01"]

1. e4 c6 2. d4 d5 3. Nc3 dxe4 4. Nxe4 Nf6 5. Nxf6+ gxf6 6. c3 Bf5 7. Ne2 e6 8.
Ng3 Bg6 9. h4 h5 10. Be2 Qa5 11. b4 Qc7 12. Bxh5 Bxh5 13. Nxh5 Nd7 14. Qf3
O-O-O 15. Nxf6 e5 16. Nxd7 Rxd7 17. dxe5 Qxe5+ 18. Qe3 Qd5 19. O-O Rxh4 20. Qg5
Qc4 21. g3 Rh1+ 22. Kxh1 Qxf1+ 23. Kh2 Qxf2+ 24. Kh3 f6 25. Qg6 Qf1+ 26. Kh2
Qe2+ 27. Kh3 Qe6+ 28. Kg2 Rg7 29. Qh5 Bd6 0-1

[Event "21. Copenhagen Open  (Politiken Cup)"]
[Site "Copenhagen"]
[Date "1999.07.07"]
[Round "5"]
[White "Jensen, Jan Kargaard"]
[Black "Jensen, John Klaus"]
[Result "1-0"]
[WhiteElo "1740"]
[BlackElo "1563"]
[PlyCount "87"]
[EventDate "1999.07.03"]
[EventType "swiss"]
[EventRounds "11"]
[EventCountry "DEN"]
[SourceDate "2004.01.01"]

1. e4 e5 2. Nf3 Nc6 3. Bc4 Nf6 4. Ng5 Bc5 5. c3 O-O 6. b4 Bb6 7. a4 a6 8. d3 d6
9. h3 h6 10. Nf3 Be6 11. Bxe6 fxe6 12. O-O Qe8 13. Qe2 Qh5 14. Be3 Bxe3 15.
Qxe3 d5 16. Nbd2 g5 17. b5 g4 18. Nh2 gxh3 19. Qxh3 Qxh3 20. gxh3 axb5 21. axb5
Ne7 22. f3 Kf7 23. Kf2 Ng6 24. Ng4 Nxg4+ 25. hxg4 Kg7 26. Ke3 b6 27. Ra6 Rxa6
28. bxa6 Ra8 29. Ra1 Ne7 30. d4 exd4+ 31. Kxd4 Nc6+ 32. Ke3 dxe4 33. Kxe4 Nb8
34. Ke5 Nxa6 35. Nb3 Kf7 36. Nd4 c5 37. Nb5 Ke7 38. f4 Nc7 39. Rxa8 Nxa8 40. c4
Kd7 41. Kf6 Nc7 42. Nxc7 Kxc7 43. g5 hxg5 44. fxg5 1-0

[Event "21. Copenhagen Open  (Politiken Cup)"]
[Site "Copenhagen"]
[Date "1999.07.07"]
[Round "5"]
[White "Jensen, Jannick"]
[Black "Nolsoe, Eydun"]
[Result "1-0"]
[WhiteElo "1967"]
[BlackElo "2184"]
[PlyCount "103"]
[EventDate "1999.07.03"]
[EventType "swiss"]
[EventRounds "11"]
[EventCountry "DEN"]
[SourceDate "2004.01.01"]

1. e4 c5 2. Nf3 d6 3. d4 cxd4 4. Nxd4 Nf6 5. Nc3 a6 6. f4 e6 7. Bd3 Qc7 8. O-O
Nc6 9. Nf3 Be7 10. Qe1 b5 11. Kh1 b4 12. Ne2 e5 13. Bd2 O-O 14. Ng3 Re8 15. Nh4
Bf8 16. f5 d5 17. Bg5 dxe4 18. Nxe4 Nxe4 19. Bxe4 Bb7 20. f6 Nd4 21. fxg7 Bxg7
22. Rc1 Bxe4 23. Qxe4 Qc6 24. Qg4 Qe6 25. Qh5 f5 26. c3 bxc3 27. bxc3 Nb5 28.
Nxf5 Rf8 29. Nxg7 Kxg7 30. c4 Nd4 31. Bh6+ Qxh6 32. Qxe5+ Rf6 33. Qxd4 Raf8 34.
Rxf6 Rxf6 35. Rf1 Qg6 36. Qxf6+ Qxf6 37. Rxf6 Kxf6 38. h4 Ke5 39. g4 Kd4 40. g5
Kxc4 41. Kg2 Kd5 42. Kf3 Ke5 43. Kg4 Ke6 44. Kf4 a5 45. a4 Ke7 46. Kf5 Kf7 47.
h5 Kg7 48. Ke5 Kf7 49. Kd5 Ke7 50. Kc5 Ke6 51. Kb5 Kf5 52. g6 1-0

[Event "21. Copenhagen Open  (Politiken Cup)"]
[Site "Copenhagen"]
[Date "1999.07.07"]
[Round "5"]
[White "Jessen, Simon Pind"]
[Black "Gunter, David WW"]
[Result "0-1"]
[WhiteElo "1939"]
[BlackElo "2146"]
[PlyCount "50"]
[EventDate "1999.07.03"]
[EventType "swiss"]
[EventRounds "11"]
[EventCountry "DEN"]
[SourceDate "2004.01.01"]

1. d4 Nf6 2. Nf3 e6 3. g3 d5 4. c4 c5 5. cxd5 exd5 6. Bg2 Nc6 7. O-O Be7 8. Nc3
O-O 9. Bg5 cxd4 10. Nxd4 h6 11. Bxf6 Bxf6 12. e3 Nxd4 13. exd4 Be6 14. Qd2 Qd7
15. Rad1 Rac8 16. f4 Rfd8 17. Qd3 g6 18. Qd2 Bg7 19. f5 Bxf5 20. Nxd5 Rc2 21.
Qb4 Rxg2+ 22. Kxg2 Qxd5+ 23. Kf2 Bxd4+ 24. Ke1 Qe4+ 25. Kd2 Qe3# 0-1

[Event "21. Copenhagen Open  (Politiken Cup)"]
[Site "Copenhagen"]
[Date "1999.07.07"]
[Round "5"]
[White "Johansson, Thomas"]
[Black "Samuelsen, Carl Eli"]
[Result "1-0"]
[WhiteElo "2218"]
[BlackElo "2060"]
[PlyCount "49"]
[EventDate "1999.07.03"]
[EventType "swiss"]
[EventRounds "11"]
[EventCountry "DEN"]
[SourceDate "2004.01.01"]

1. e4 c6 2. d4 d5 3. f3 dxe4 4. fxe4 e5 5. Nf3 exd4 6. Bc4 Be6 7. Bxe6 fxe6 8.
O-O Be7 9. Nxd4 Qb6 10. Qh5+ g6 11. Qe5 Nf6 12. Be3 Nbd7 13. Qxe6 Nc5 14. Qh3
Ncxe4 15. Ne6 Qa5 16. Nc3 Nxc3 17. Ng7+ Kf8 18. Ne6+ Kf7 19. bxc3 Qxc3 20. Ng5+
Ke8 21. Qe6 Nd5 22. Rae1 Rd8 23. Ne4 Qg7 24. Bc5 Rd7 25. c4 1-0